| 000 | 00890cab a2200217 4500 | ||
|---|---|---|---|
| 001 | WB3407-41 | ||
| 008 | 090401t1998 xxu||||| |||| 00| 0 eng d | ||
| 035 | _a(Sirsi) u84331 | ||
| 041 | _aeng | ||
| 245 | _aSurety | ||
| 260 | _c1998 | ||
| 350 | _a0 | ||
| 490 |
_aEstates Gazette Case Summaries _v[1998] EGCS 14, (14/2/98) |
||
| 520 | _a"Knighton Estates Ltd v Gallic Management Co Ltd" CA 2 February 1998. Lessee in receivership-surety claiming no outstanding breaches of covenant-surety seeking release from obligations-VAT and interests outstanding-whether landlord estopped from claiming VAT and interest a breach of covenant-Judge finding for landlord-Appeal dismissed. (Taken from headnote). | ||
| 650 | _aBREACH OF COVENANT | ||
| 650 | _aRECEIVERSHIP | ||
| 650 | _aSURETY | ||
| 690 | _aLANDLORD AND TENANT-CASE LAW-BUSINESS TENANCIES | ||
| 942 | _n0 | ||
| 948 | _c19/02/1998 | ||
| 999 |
_c52993 _d52993 |
||